| 000 | 00480pab a2200169 454500 | ||
|---|---|---|---|
| 008 | 180718b2014 xxu||||| |||| 00| 0 eng d | ||
| 100 | _aMikesell, John L. | ||
| 245 | _aState revenue forecasts and political acceptance: The value of consensus forecasting in the budget process | ||
| 260 | _c2014 | ||
| 300 | _ap.188-203. | ||
| 362 | _aMar-Apr | ||
| 650 | _aBudgets | ||
| 700 | _aRoss, Justin M. | ||
| 773 | _aPublic Administration Review | ||
| 908 | _aN | ||
| 909 | _a104316 | ||
| 999 |
_c104312 _d104312 |
||